La contienda por la educación (Record no. 158716)

MARC details
000 -LEADER
fixed length control field 00666nam a22001937a 4500
005 - DATE AND TIME OF LATEST TRANSACTION
control field 20211109112153.0
008 - FIXED-LENGTH DATA ELEMENTS--GENERAL INFORMATION
fixed length control field 211109b mx ||||| |||| 00| 0 spa d
020 ## - INTERNATIONAL STANDARD BOOK NUMBER
International Standard Book Number 9786071659002
050 04 - LIBRARY OF CONGRESS CALL NUMBER
Classification number LC92.M6
Item number O76 2018
100 1# - MAIN ENTRY--PERSONAL NAME
Personal name Ornelas, Carlos
245 ## - TITLE STATEMENT
Title La contienda por la educación
Remainder of title : globalización, neocorporativismo y democracia
Statement of responsibility, etc / Carlos Ornelas
250 ## - EDITION STATEMENT
Edition statement 1a ed.
260 ## - PUBLICATION, DISTRIBUTION, ETC. (IMPRINT)
Place of publication, distribution, etc Ciudad de México :
Name of publisher, distributor, etc Fondo de Cultura Económica,
Date of publication, distribution, etc 2018
300 ## - PHYSICAL DESCRIPTION
Extent 437 p. ;
Dimensions 23 cm.
490 0# - SERIES STATEMENT
Series statement Educación y pedagogía
650 #7 - SUBJECT ADDED ENTRY--TOPICAL TERM
Source of heading or term lemb
Topical term or geographic name as entry element Educación y Estado
General subdivision Historia
Geographic subdivision México
650 #7 - SUBJECT ADDED ENTRY--TOPICAL TERM
Source of heading or term lemb
Topical term or geographic name as entry element Educación
General subdivision Evaluación
Geographic subdivision México
942 ## - ADDED ENTRY ELEMENTS (KOHA)
Source of classification or shelving scheme Biblioteca del Cogreso de los Estados Unidos
Koha item type Libro
Holdings
Estado de pérdida Fuente de clasificación Estado del daño No para préstamo Ubicación permanente Ubicación actual Apartado o colección Fecha de adquisición Fuente de adquisición Edición Área del conocimiento Total Checkouts Clasificación Código de Barras Date last seen Número de copia Costo por reposición Tipo de recurso
  Biblioteca del Cogreso de los Estados Unidos     Biblioteca Pública Universitaria Biblioteca Pública Universitaria General 09/11/2021 Donación 1a ed Educación y Humanidades   LC92.M6 O76 2018 BPU000000904 09/11/2021 1 1.00 Libro